000 00806nam a2200241 a 4500
001 BRCA_2810
005 20190320203959.0
008 081208s1956----nyua---###---#000-0#eng-#
050 4 _aND813
_b.T73 1956
100 1 _aTrapier, Elizabeth du Gué
_97886
245 1 0 _aValdes Leal
_bbaroque concept of death and suffering in hispaintings
_cElizabeth Du Gué Trapier.
260 _aNew York
_bHispanic Society of America
_c1956
300 _a49 p.
_bil.
_c23 cm.
440 0 _aHispanic Notes & Monographs Essays, Studies, and Brief Biographies
_97619
500 _aAA17
504 _aBibliografía : 45-46
600 1 4 _aValdes Leal, Juan de
_d1622-1690
_93720
650 1 4 _aPintura barroca
_97887
650 1 4 _aPintores españoles
_97620
650 1 4 _aMuerte
_xArte
_97888
902 _aGFM
942 _2lcc
_cB
999 _c2550
_d2550